Statistiques concernant Vainqueurs de la Coupe de France

Cliquez ici pour prendre le quiz!

Statistiques générales

  • Ce quiz a été pris 213 fois
  • Le résultat moyen est 78 sur 105

Statistiques - réponses

ÉditionVainqueur% Correct
1924 | 1926 | 1927 | +7 othersOlympique de Marseille
98%
1979 | 1999 | 2000 | 2022FC Nantes
96%
1957 | 2023Toulouse FC
96%
1982 | 1983 | 1993 | +11 othersParis Saint-Germain
95%
1986 | 1987 | 2013Girondins de Bordeaux
93%
1946 | 1947 | 1948 | +3 othersLOSC Lille
91%
1960 | 1963 | 1980 | +2 othersAS Monaco
88%
1962 | 1968 | 1970 | +3 othersAS Saint-Étienne
88%
1952 | 1954 | 1997OGC Nice
85%
1990Montpellier HSC
80%
1951 | 1966 | 2001RC Strasbourg
80%
1929SO montpelliérain
79%
1950 | 1958Stade de Reims
76%
1928 | 1942Red Star Olympique
75%
1918Olympique
70%
1964 | 1967 | 1973 | +2 othersOlympique lyonnais
70%
1984 | 1988FC Metz
65%
1936 | 1939 | 1940 | +2 othersRC Paris
65%
1994 | 1996 | 2003 | 2005AJ Auxerre
64%
1920CA Paris
64%
2009 | 2014EA Guingamp
61%
2002FC Lorient
59%
1937 | 2007FC Sochaux-Montbéliard
59%
1959Le Havre AC
56%
1981SEC Bastia
56%
2019Stade rennais FC
50%
1978AS Nancy-Lorraine
48%
1944É.F. Nancy-Lorraine
48%
1965 | 1971Stade rennais UC
45%
1930 | 1934FC Sète
36%
1921 | 1922 | 1923Red Star AC
36%
1956 | 1961UA Sedan-Torcy
32%
1932AS Cannes
27%
1933Excelsior AC
8%
1931Club français
3%
1919 | 1925CA Sports généraux
2%
1941Girondins AS Port
2%

Distribution des résultats

Percentile par nombre de réponses

% des personnes avec chaque résultat

Votre développement - résultats

Vous n’avez pas pris ce quiz